000 00466nam a22001217a 4500
999 _c9695
_d9695
003 OSt
008 201203b ||||| |||| 00| 0 eng d
245 _aIndian Journal of Fluids Engineering
250 _a2013(Jul-Dec Vol.1 No.2) 2014(Jan-Jun Vol.2 No.1, Jul-Dec Vol.2 No.2) 2015(Jan-Jun Vol.3 No.1, Jul-Dec Vol.3 No.2) 2016(Jan-Jun Vol.4 No.1, Jul-Dec Vol.4 No.2)
260 _aBanglore
_bOcean Research Journals
650 _aMechanical Engineering
942 _2ddc
_cBV